[Event "Bundesliga 0506"]
[Site "Germany"]
[Date "2005.10.23"]
[Round "2.2"]
[White "Erenburg, Sergey"]
[Black "Almasi, Zoltan"]
[Result "1/2-1/2"]
[WhiteElo "2582"]
[BlackElo "2640"]
[Annotator "Erenburg,S"]
[PlyCount "74"]
[EventDate "2005.10.21"]
[EventType "team-tourn"]
[EventRounds "15"]
[EventCountry "GER"]
[SourceTitle "CBM 110"]
[Source "ChessBase"]
[SourceDate "2006.01.31"]
[SourceVersion "1"]
[SourceVersionDate "2006.01.31"]
[SourceQuality "1"]
[WhiteTeam "Katernberg"]
[BlackTeam "Kreuzberg"]
[WhiteTeamCountry "GER"]
[BlackTeamCountry "GER"]

1. e4 e5 2. Nf3 Nc6 3. Bb5 Nf6 4. d3 Bc5 {The idea of this move is to trade
the queen's knight by ...Nd4. Another theoretical possibility is} (4... d6 5.
O-O (5. c3 Bd7 6. O-O g6 7. Nbd2 Bg7 8. Re1 O-O 9. Nf1 Nh5 10. Ba4 Qe8 11. Bb3
Kh8 {---> 1-0 Morozevich,A-Krasenkow,M/Plovdiv 2003/CBM 098/[Ftacnik] (60)})
5... g6 6. d4 $5 {White loses a tempo, playing twice with the same pawn. But,
in this particular position white has a development advantage and he can play
aggressively. In this way, Emil gets a space advantage.} (6. c3 {is main line.
See 5.c3}) 6... Bd7 7. Re1 {Other continuations look less promising:} (7. Nc3
exd4 8. Nd5 Bg7 9. Re1 Ne5 10. Bxd7+ Nfxd7 11. Nxd4 O-O 12. c3 c6 13. Ne3 Nc5
$11 {1/2-1/2 Kupreichik,V-Mokry,K/Rimavska Sobota 1990/CBM 20 ext (37)}) (7.
dxe5 Nxe5 8. Nc3 Bg7 9. Bg5 Bxb5 10. Nxb5 Ned7 11. Re1 O-O 12. Qd2 Re8 13. Nc3
Nc5 14. Rad1 Qc8 15. Bxf6 Bxf6 16. Nd5 Bg7 17. Qf4 Ne6 18. Nf6+ Bxf6 19. Qxf6
Qd8 20. Qc3 $14 {1/2-1/2 Wang Hao-Zhang Zhong/Xiapu CHN 2005/The Week in Chess
555 (26)}) 7... Bg7 ({Another possible continuation is} 7... Nxd4 8. Nxd4 exd4
9. Bxd7+ Qxd7 10. Qxd4 Bg7 11. e5 $5 Qe6 12. Nc3 (12. Bd2 $5) (12. Qb4 $5)
12... O-O 13. Bh6 dxe5 14. Rxe5 Qb6 15. Qxb6 axb6 16. Bxg7 Kxg7 17. Re7 Rac8
18. Rd1 Rfd8 19. Rxd8 Rxd8 20. Rxc7 Rd2 21. f3 Rxc2 22. Rxb7 Rxb2 23. a4 g5 24.
g4 Rb3 25. Rc7 Nd7 26. Rxd7 {1/2-1/2 Rozentalis,E-Koziak,V/Dzwirzyno 2004/CBM
102 ext (26)}) 8. d5 {White gets a space advantage on the queenside. Actually,
in positions with an Indian pawn structure, White is interested to exchange
the light-squared bishops. The alternatives are:} (8. Bxc6 $6 Bxc6 9. dxe5 Nxe4
10. Qd3 dxe5 $1 11. Rxe4 Bxe4 12. Qxe4 Qd1+ 13. Qe1 O-O-O 14. Nc3 Qxc2 $15 {
0-1 Guseinov,G-Aleksandrov,A/Batumi 2002/CBM 090/[Wedberg] (44)}) (8. dxe5 Nxe5
9. Bxd7+ Qxd7 10. Bg5 O-O 11. Nxe5 dxe5 12. Qxd7 Nxd7 $11 {1-0 Kupreichik,
V-Levin,F/Germany 1995/GER-chT2 (58)}) (8. Nc3 Nxd4 9. Nxd4 exd4 10. Qxd4 O-O
11. Qd3) (8. c3 O-O 9. Ba4 Qe8 10. Bc2 Bg4 11. d5 Ne7 12. Nbd2 Nh5 13. a4 Bh6
14. a5 Bxd2 15. Bxd2 f5 $13 {0-1 Hamdouchi,H-Kayumov,S/Abu Dhabi 2004/CBM 103 
(49)}) 8... Ne7 9. Bxd7+ Nxd7 {Black takes with the knight, in order to
prepare the counterstrike f7-f5. White's main plan with such a pawn structure
is of course developing an initiative on the queenside by c2-c4, b2-b4 with
the following c4-c5. In opposite, Black creates counterplay on the kingside,
pushing his kingside pawns forward.} 10. Be3 $146 {In the previous game White
continued} (10. a4 O-O 11. a5 a6 12. c4 h6 13. Ra3 f5 14. b4 Nf6 15. Nbd2 Qd7
16. Qc2 g5 17. h3 Rac8 18. exf5 Qxf5 19. Qa2 $14 {1/2-1/2 Morozevich,
A-Georgiev,K/Mallorca 2004/CBM 104 no vc (71)}) 10... f5 {Black decides to
attack White's centre immediately. Other possibilities are:} (10... O-O 11. c4
h6 (11... f5 12. Ng5) 12. Qd2 $14 {[%cal Gb1c3]}) (10... h6 11. c4 f5 12. Nc3
O-O 13. b4 $14) 11. Ng5 $1 {[%cal Gg5e6] emphasizing the drawback of Black's
previous move.} Nf8 12. exf5 gxf5 ({In case of the capture with the knight,} 
12... Nxf5 $14 {[%csl Ye4] White will get an important outpost on e4.}) 13. f4
$1 {Opening up the game, using the vulnerable position of black's king.} Qd7 (
13... exf4 14. Bd4 $36) ({Worth considerating is the immediate} 13... Neg6 $5)
14. c4 Neg6 {[%cal Gh7h6] preparing to drive away White's knight from his
active position.} (14... h6 $2 15. Qh5+ $16 {[%cal Yg5e6]}) 15. Nc3 h6 16. Nf3
e4 {Black closes the centre, although his king is not safe yet.} 17. Nd4 h5 $1
{preventing the occupation of the square h5 by White's queen.} (17... O-O-O {
is too dangerous:} 18. Ncb5 a6 19. Na7+ $1 Kb8 20. Ndc6+ Ka8 (20... bxc6 21.
dxc6 $18 {[%cal Gd1b3]}) 21. Nxd8 Qxd8 22. Qa4 $16) {Black's position is not
bad at all from a strategical point of view. But, his monarch is still in the
centre. That's why White should play aggressively.} 18. Ncb5 {[%csl Yb5][%cal
Gd4f5,Gd4e6,Yb5c7]} Kf7 ({Worse is} 18... a6 19. Nxf5 Bxb2 (19... axb5 20.
Nxg7+ Qxg7 21. Bd4 Qf7 22. Bxh8 Nxh8 23. Rxe4+ Kd8 24. Qb3 $16) 20. Qa4 Kd8 21.
Rab1 $16) {Otherwise, Black would drive away the knight from b5 with a7-a6.}
19. Ne6 $1 {White sacrifices a pawn, and the position of Black's king is even
more vulnerable .} Nxe6 20. dxe6+ Kxe6 21. Qd5+ $16 {1-0 Sutovsky,E-Kramnik,V/
Dortmund 2005/CBM 108_01/[Erenburg] (50)}) 5. Bxc6 {This continuation worsens
Black's pawn structure. On the other hand, Black gets the bishop's pair. Other
attempts to fight for advantage are:} (5. O-O Nd4 6. Nxd4 Bxd4 7. c3 Bb6 8. Kh1
c6 9. Ba4 O-O 10. Bg5 h6 11. Bh4 d6 12. Nd2 g5 13. Bg3 Bg4 14. f3 Be6 15. Bb3
Nh5 16. Bf2 Bxf2 17. Rxf2 Qb6 $11 {1-0 Charbonneau,P-Mitkov,N/Mallorca 2004/
CBM 104/[Atlas,V] (42)}) (5. Be3 Bxe3 6. fxe3 d6 7. Nc3 O-O 8. Ba4 Ne7 9. Qd2
c6 10. Bb3 b5 11. a4 b4 12. Ne2 a5 13. Ng3 Ra7 14. O-O Ng6 15. h3 d5 16. exd5
cxd5 17. e4 dxe4 18. Nxe4 Nxe4 19. dxe4 Rd7 $15 {1/2-1/2 Spraggett,K-Korneev,O/
Dos Hermanas 2001/CBM 083/[Hecht] (60)}) (5. c3 {is considered as the most
principled continuation.} O-O 6. O-O d6 7. Bg5 Qe7 (7... Bb6 8. Nbd2 Nb8 9. d4
c6 10. Bd3 Nbd7 11. a4 Bc7 12. Re1 Re8 13. h3 h6 14. Be3 Nf8 15. Qc2 Ng6 16. b4
Nh5 17. dxe5 Nxe5 18. Bf1 Bb6 19. Nd4 a6 20. Rad1 Qf6 21. g3 Qg6 22. Bg2 $14 {
1-0 Morozevich,A-Aronian,L/Mainz GER 2005/The Week in Chess 562 (47)}) 8. Nbd2
Nd8 9. d4 Bb6 10. Bh4 c6 11. Ba4 h6 12. Bb3 Bc7 13. dxe5 dxe5 14. Nc4 a5 15. a4
b6 16. Qc2 Be6 17. Ne3 Nb7 18. Nf5 Bxf5 19. exf5 Nd6 20. Rad1 Rac8 21. Rfe1 $16
{1/2-1/2 Akopian,V-Aronian,L/Sochi RUS 2005/The Week in Chess 546 (27)}) 5...
dxc6 6. Be3 {White is interested to change one of Black's bishops. In case of
the capture on e3, white will get the open f-file for the heavy pieces.} (6.
O-O Qe7 7. h3 h6 8. c3 O-O 9. Nbd2 Bd6 10. d4 Nd7 11. Re1 c5 12. Nc4 cxd4 13.
cxd4 Bb4 14. Re2 exd4 15. a3 Nb6 16. Nxb6 axb6 17. Rb1 d3 18. Qxd3 Rd8 19. Qc2
Bd6 20. e5 Bc5 21. b4 Bd4 22. Nxd4 Rxd4 23. Bb2 $14 {1-0 Smirin,I-Hracek,Z/
Czech Rep CZE 2004/The Week in Chess 548 (38)}) ({Of course not} 6. Nxe5 $4 Qd4
7. Be3 Qxe5 8. d4 Qxe4 9. dxc5 Qxg2 10. Rf1 Bh3 $19) 6... Bd6 {Black decided
to keep his dark-squared bishop on the board, in spite of losing a tempo.} ({
After} 6... Qe7 7. Bxc5 Qxc5 8. Nc3 {White's chances were slightly better in
this two following games:} Bg4 (8... Be6 9. Qd2 h6 10. O-O O-O 11. h3 Rad8 12.
Rad1 Rfe8 13. Rfe1 Bc8 14. a3 Nh5 15. Ne2 Re6 16. Qb4 Qe7 17. d4 exd4 18. Nexd4
Qxb4 19. axb4 Ree8 20. c3 $14 {1-0 Zvjaginsev,V-Ganguly,S/Calvia ESP 2004/The
Week in Chess 521 (113)}) 9. h3 Bxf3 10. Qxf3 O-O 11. O-O-O a5 12. Qf5 Rfd8 13.
Rhf1 a4 14. a3 b5 15. f4 Nd7 16. Na2 g6 17. Qg5 f6 18. Qg4 Qd6 19. f5 Kh8 20.
fxg6 Rg8 21. Nb4 $14 {1/2-1/2 Sutovsky,E-Aronian,L/Caleta ENG 2005/The Week in
Chess 535 (45)}) 7. h3 {Covering the square g4, thus, creating some problems
for Black with the development of his light-squared bishop.} (7. Nbd2 Ng4 8.
Bg5 f6 9. Bh4 Be6 10. h3 Nh6 11. Qe2 Nf7 12. d4 Qd7 13. c3 O-O-O 14. O-O {
1/2-1/2 Cheparinov,I-Dorfman,J/Mallorca 2004/CBM 102 ext}) 7... c5 $146 {
[%cal Yf6d7,Yd7f8,Yf8e6,Ye6d4,Gd7b8,Gb8c6,Gc6d4] Black's typical plan in this
position is to transfer the knight to central square d4 and not to allow White
to carry out the f2-f4, d2-d4 or b2-b4 breakthroughs.} ({In the preceding game
black continued} 7... Nd7 8. Nbd2 O-O 9. O-O c5 10. Nc4 b5 11. Ncd2 Nb8 12. a4
b4 13. Nb3 Qe7 14. Na5 Bd7 15. Nd2 Nc6 16. Nxc6 Bxc6 17. Qe2 Rae8 18. f3 Bd7
19. Rfc1 Be6 20. c3 a6 21. cxb4 cxb4 22. Nc4 $14 {1-0 Morozevich,A-Kramnik,V/
Monte Carlo 2003/CBM 093 ext (64)}) 8. Nbd2 {Intending to transfer the queen's
knight to c4 in order to create a pressure on Black's pawn e5.} O-O 9. O-O Re8
{Strengthening the central pawn.} 10. Nc4 Nd7 {Black is willing to bring the
knight to d4 either via b8-c6 or via f8-e6.} (10... b5 $6 {Plays in White's
hands, as after} 11. Na5 $14 {White will attack Black's queenside pawns by
a2-a4 and Nb3.}) 11. Qd2 {Connecting the rooks, and preparing to carry out the
strike b2-b4.} ({Another attempt to get an advantage is to carry out the f2-f4
breakthrough:} 11. Nh2 Nf8 12. f4 exf4 13. Bxf4 Bxf4 14. Rxf4 Be6 $132 {
[%cal Yf8g6,Ge6c4,Yd8d4] , but Black has enough counterchances.}) 11... Nf8 12.
a3 {Preparing the b2-b4 advance.} b6 {Black is fianchetting his light-squared
bishop, thus, solving the problem of development of his queen's bishop.} 13. b4
{White forces Black to take on b4, that will open the a-file for the rooks.}
cxb4 14. axb4 Bb7 {Black's counterplay can be connected with opening the long
diagonal for his light-squared bishop by f7-f5.} 15. Qc3 {Attacking the pawn
e5.} f6 {Now Black is ready to transfer the knight to e6.} 16. Ra3 (16. Nh4 {
leads to an unclear position.} Ne6 17. Nf5 Bf8 $13) 16... Ne6 17. Rfa1 a6 18.
Nxd6 {I've decided to eliminate Black's dark-squared bishop, as I haven't seen
a clear plan of improving my position. Otherwise, Black can remove his
dark-squared bishop from d6 and can prepare an attack on the kingside.} cxd6 $1
{opening the c-file for the heavy pieces and preparing the breakthrough d6-d5.}
({After} 18... Qxd6 19. Nh4 $14 {[%cal Yh4f5] White is slightly better.}) 19.
Qb2 {moving away the queen from the c-file and preventing Black's d6-d5.} ({
In case of} 19. Nd2 {Black activates all his pieces.} d5 20. exd5 Qxd5 21. f3
Rac8 22. Qb2 Nd4 23. c4 Qd7 $15) (19. b5 {is parried by} a5) 19... b5 {Moving
the pawn from the diagonal a7-g1, thus, threatening again with the advance
d6-d5.} (19... d5 $6 20. exd5 Qxd5 (20... Bxd5 21. Rxa6 $16) 21. Bxb6 Ng5 22.
Qa2 $14) 20. Nd2 {Intending to bring the knight to a5 or to c5 (in case of
Black's d6-d5) via b3, and, preparing to limit the possibilities of Black's
light-squared bishop by f2-f3.} d5 21. exd5 ({Worse is} 21. f3 {, as after} d4
22. Bf2 Nf4 $15 {Black will get a space advantage.}) 21... Qxd5 22. f3 f5 {
Covering the square e4, and, preparing to manage an initiative on the kingside.
} 23. c4 {This is the only way to activate White's pieces.} Qd6 24. cxb5 {
Exchanging the heavy pieces.} (24. c5 {leads to an unclear position:} Qc7 (
24... Qd5 $5) 25. Rc3 Red8 26. Nb3 Bc6 $13 {, but, my feeling is that Black's
prospects are better.}) 24... axb5 25. Rxa8 Rxa8 ({In case of} 25... Bxa8 {
, the position is equal after} 26. Qc3 ({worse is} 26. Ra7 f4 27. Bf2 Qxd3 $17)
26... Bb7 27. Nb3 Rc8 28. Nc5 $11) 26. Rxa8+ Bxa8 27. Qc3 {protecting the pawn
d3, taking control over the open c-file, and, preparing to transfer the knight
to c5 via b3.} Bd5 {limiting the possibilities of White's knight.} (27... Bb7
28. Nb3 $11) 28. Qc8+ (28. d4 $6 {is met by} e4 29. fxe4 fxe4 $15) 28... Kf7
29. Bc5 $1 {forcing Black to trade the queens.} Qc6 (29... Nxc5 {is too risky:}
30. bxc5 Qe6 31. Qb8 Bc6 32. Qc7+ Kg6 33. Qb6 (33. Nb3 Bxf3 34. gxf3 Qxb3 35.
Qd6+ Kg5 36. Qxe5 Qxd3 37. Qxg7+ Kf4 38. Qh6+ Ke5 $15) 33... Qd5 34. Nb3 Kf7
35. Na5 $13) 30. Qxc6 Bxc6 31. Be3 $11 {This endgame is absolutely drawish.
There is no way for Black's monarch to invade into White's camp...} Bd5 32. Nb1
{transfering the knight to c3.} Ke7 33. Nc3 Bc6 34. Kf2 Kd6 35. Ke2 Be8 36. Nb1
Kc6 37. Nc3 Kd6 1/2-1/2

[Event "Olympiad-40"]
[Site "Istanbul"]
[Date "2012.08.31"]
[Round "4.2"]
[White "Bartel, Mateusz"]
[Black "Ponomariov, Ruslan"]
[Result "0-1"]
[WhiteElo "2654"]
[BlackElo "2734"]
[Annotator "Erenburg,S"]
[PlyCount "84"]
[EventDate "2012.08.28"]
[EventType "team-swiss"]
[EventRounds "11"]
[EventCountry "TUR"]
[SourceTitle "CBM 151"]
[Source "ChessBase"]
[SourceDate "2012.11.13"]
[SourceVersion "1"]
[SourceVersionDate "2012.11.13"]
[SourceQuality "1"]
[WhiteTeam "Poland"]
[BlackTeam "Ukraine"]
[WhiteTeamCountry "POL"]
[BlackTeamCountry "UKR"]

1. e4 e5 2. Nf3 Nc6 3. Bb5 Nf6 4. d3 d6 5. O-O Be7 6. d4 {White decided to use
his development advantage to carry out the breakthrough in the centre. The
less aggressive attempts are 6.c3 or 6.Re1.} ({For example, here is the game
of the top 2 players:} 6. c3 O-O 7. Re1 Bd7 8. Nbd2 Re8 9. Nf1 Bf8 10. Bg5 h6
11. Bh4 Nb8 $5 12. Bc4 Be6 13. Bxe6 Rxe6 14. Qb3 Qc8 15. d4 Nbd7 16. Qc2 g6 17.
dxe5 dxe5 18. Rad1 c6 19. Ne3 $14 {1/2-1/2 Anand,V (2817)-Aronian,L (2808)/
Monte Carlo 2011/CBM 142}) 6... O-O 7. Bxc6 ({White has never tried to push
the pawn forward, and probably for a reason. For example,} 7. d5 Nb8 8. Bd3 (8.
Nc3 c6) 8... Nbd7 {[%cal Yd7c5] with comfortable play for Black.}) 7... bxc6 8.
Nc3 Nd7 $5 {It seems that Black is allowing White to get a much better pawn
structure, but it has to be noted that Black keeps control over the majority
of central squares and gets the b-file and diagonals a7-g1 and a6-f1 at his
disposal.} ({A more standard way would be to give up on the centre with} 8...
exd4 9. Nxd4 Bd7 10. Qf3 c5 (10... Qc8 $5 {deserves attention, with the idea
to parry} 11. e5 $6 {with} dxe5 12. Nxc6 Bd6 $15) 11. Nf5 Bxf5 12. Qxf5 Rb8 13.
b3 Nd7 14. Bd2 Bf6 15. Rae1 g6 16. Qh3 Bg7 17. Bh6 Nb6 18. e5 $14 {1-0 Solak,D
(2598)-Atalik,E (2436)/Kavala 2011/CBM 143 Extra (41)}) 9. Qe2 $146 {White
decided to keep the pressure in the centre.} ({The capture was tried and
yielded nothing to White in the preceding game:} 9. dxe5 dxe5 10. Qe2 Bd6 11.
Be3 Qe7 {Yes, White has a superior pawn structure, but with the queens on the
board, it is compensated for by the activity of Black's pieces.} 12. Rfd1 (12.
Qc4 Bb7 13. Bg5 Qe8 $13) 12... Nb6 13. a4 a5 14. b3 Ba6 15. Qe1 Nd7 16. Ne2 g6
17. Bh6 Rfb8 18. Ng3 c5 19. Nd2 c4 20. Nxc4 {1/2-1/2 Socko,B (2631)-Atalik,E 
(2436)/Kavala 2011/CBM 143 Extra} ({Black can only be better after} 20. Nxc4
Bxc4 21. bxc4 Rb4 {[%cal Yd7b6]})) 9... Bf6 10. Be3 Re8 {Black can continue to
improve its position by playing a5 with a subsequent Ba6, whereas, it is not
very clear what White's plan is. Therefore, GM Bartel decides to change the
pawn structure.} 11. d5 (11. Qc4 Bb7 12. Rfe1 Nb6 $11) 11... cxd5 {Apparently,
this capture is more precise than} (11... Bb7 12. dxc6 Bxc6 13. Qa6 Nb6 14. a4
{[%csl Rb6][%cal Ya4a5] , where White has some kind of initiative.}) 12. Nxd5
c6 13. Nxf6+ Nxf6 $11 {Black can be completely satisfied with the outcome of
the opening. He has no passive pieces and the pawn majority in the centre
promises him good prospects. In fact, White has to play carefully not to get a
worse position.} 14. Bg5 h6 15. Bh4 {This might have been overambitious.
Perhaps it was the right time to admit the failure of the opening strategy and
go for the equal position:} (15. Bxf6 Qxf6 16. Rfd1 Bg4 ({White is fine after} 
16... d5 17. exd5 e4 18. Nd4 cxd5 19. Qe3) 17. c4 Rad8 $11) 15... Bg4 16. h3
Bh5 {[%cal Rh5e2,Gd6d5]} 17. g4 {White had to prevent the threat of the
breakthrough in the centre.} (17. Rad1 $6 {would allow} g5 18. Bg3 d5 $15)
17... Bg6 18. Rad1 Re6 $1 {This allows Black to liberate the queen for more
important issues than protecting his knight.} 19. Nd2 d5 ({Perhaps} 19... Rb8 {
was a little more precise. The idea is to grab the b3-square from White's
knight. Thus, in the event of} 20. Nb3 (20. b3 d5) 20... Qb6 $15 {[%cal Ya7a5,
Ya5a4] Black can continue to develop his initiative on the queenside.}) 20. Nb3
Qd6 21. f3 $1 {White's bishop gets back into the game!} Nd7 22. Bg3 Nb6 23. Qf2
Ree8 24. c3 f6 $11 {Preparing the f7-spot for the bishop. Although the
position is approximately equal, it is easier to play it for the Black side,
since he has a stronger centre and White's king is potentially the more
vulnerable.} 25. Nc5 Qe7 26. a4 $6 {[%csl Rb2][%cal Yb8b2]} ({I think that
White should have refrained from creating additional weaknesses in his camp
and continue with more cautious} 26. b3 Rad8 27. Rfe1 $15 {/=}) 26... Rad8 27.
b3 Nd7 $1 {The foundation of White's stable centre is the knight on c5, so
Ponomariov is getting rid of it.} 28. Nb7 Rb8 (28... Rc8 {was an interesting
alternative.}) 29. Na5 Qe6 {[%csl Rb3,Re4,Rg4][%cal Yd5e4,Gh6h5,Yh5g4] Black
is steadily creating some additional weaknesses in the white camp.} 30. Rfe1 ({
The last chance to change the character of the struggle was to gamble on} 30.
Qxa7 Ra8 31. Qc7 Nf8 (31... Rec8 32. Qb7 Bf7 33. Bf2 $11) 32. b4 (32. Nb7 Rec8
33. Qb6 Rcb8 34. a5 Qc8 35. Nd6 Qd7 36. Qc5 Ne6 37. Qa3 Qa7+ 38. Kg2 Qxa5 $15)
32... Rac8 33. exd5 (33. Qb6 dxe4 34. fxe4 Bxe4 35. Qf2 $13) 33... cxd5 34. Qb7
Bf7 $44) (30. Rd2 h5 31. Rfd1 (31. Qxa7 hxg4 32. hxg4 Ra8 33. exd5 cxd5 34. Qc7
Bf7 $17) 31... Nb6 $15) 30... h5 31. b4 $6 {This move weakens the c4-square.
In fact, this mistake is the direct follow-up of White's inaccuracy committed
on the 26th move. However, it should be noted that White can not equalise
anymore:} (31. Rd2 hxg4 32. hxg4 dxe4 33. Red1 Nf8 34. Rd6 Qf7 $15) (31. Qxa7
hxg4 32. hxg4 Ra8 33. exd5 cxd5 34. Qc7 Rec8 35. Qb7 Bf7 $17) 31... hxg4 32.
hxg4 Nb6 33. f4 $2 {Apparently, White was in time trouble.} ({Much better was} 
33. g5 Nxa4 34. Rd3 Re7 35. Qd2 $15) 33... exf4 34. exd5 $2 {I am not sure
what White missed, but now he is simply down a piece} (34. Bxf4 Qxg4+ 35. Qg3
Qxg3+ 36. Bxg3 Rbc8 $17) 34... fxg3 35. Qxg3 Qf7 36. Nxc6 Rbc8 $19 {No
compensation can be seen, so White could easily resign here.} 37. Qd6 Be4 38.
Rd4 Qg6 39. Re3 Qxg4+ 40. Rg3 Qe2 41. Qxf6 Qe1+ 42. Kh2 Qh1# 0-1

[Event "Groningen"]
[Site "Groningen"]
[Date "1992.??.??"]
[Round "8"]
[White "Rozentalis, Eduardas"]
[Black "Beliavsky, Alexander G"]
[Result "0-1"]
[WhiteElo "2590"]
[BlackElo "2595"]
[Annotator "Ernst,T"]
[PlyCount "84"]
[EventDate "1992.12.??"]
[EventType "tourn"]
[EventRounds "9"]
[EventCountry "NED"]
[EventCategory "14"]
[SourceTitle "CBM 034"]
[Source "ChessBase"]
[SourceDate "1993.06.01"]
[SourceVersion "1"]
[SourceVersionDate "1993.06.01"]
[SourceQuality "1"]

1. e4 e5 2. Nf3 Nc6 3. Bb5 Nf6 4. O-O Bc5 5. c3 O-O 6. d4 Bb6 7. Bg5 h6 8. Bxf6
(8. Bxc6 hxg5 9. Ba4 Nxe4 10. Nxe5 d5 11. Nd2 Nd6 12. Qh5 Qf6 $15 {Houston,D-
Lane,G, BCF-ch 1989.}) (8. Bh4 $1 $14) 8... Qxf6 9. Bxc6 Qxc6 10. Nxe5 (10. a4
a6 11. Nxe5 Qxe4 12. Nd2 Qf5 $15 {Watson,W- Flueckiger,C, Bern op 1990.}) (10.
Re1 exd4 11. cxd4 d6 12. h3 Ba5 13. Nbd2 b5 14. d5 Qd7 15. Nd4 Bb7 $10 {
Bendel,R - Rohel,M, WRT-MM8990.}) 10... Qxe4 11. Nd2 Qf5 12. Nec4 d5 $1 13.
Nxb6 axb6 14. Re1 Qg6 15. Re5 $6 (15. Nf1 $10) 15... Bd7 $1 16. Nf1 Rfe8 17.
Ne3 c6 18. a3 Qd6 19. Qh5 $2 (19. Rxe8+ Rxe8 20. Qd3 Qf4 $15) 19... Rxe5 20.
dxe5 Qe7 21. Nf5 Qg5 $1 22. Qxg5 hxg5 23. Nd6 Kf8 $1 24. c4 (24. Nxb7 Re8 25.
Re1 f6 $17) 24... Ke7 25. Re1 f6 (25... Rb8 $6 26. b4 f6 27. c5 $15) 26. Nxb7
Be6 $1 27. cxd5 cxd5 28. Nd6 fxe5 29. Nb5 Rc8 $19 30. f3 (30. Nc3 d4 31. Ne4 g4
$19) 30... d4 $1 31. Rxe5 (31. Kf2 Rc2+ 32. Re2 d3 $19) 31... d3 32. Kf2 Rc1 $1
(32... d2 $2 33. Ke2 Kf6 34. Rxe6+ Kxe6 35. Kxd2 $10) 33. Rxe6+ (33. Nc3 d2 34.
Ke2 Re1+ $19) 33... Kxe6 34. Ke3 Rg1 35. g4 Rg2 36. b4 d2 37. Nc3 Rxh2 38. a4
Ke5 39. a5 bxa5 40. bxa5 Rh6 41. Kxd2 Kf4 42. Ke2 Rh2+ 0-1